[Event "PRO League Group Stage"]
[Site "chess.com INT"]
[Date "2017.02.22"]
[Round "7"]
[White "Ghosh, Diptayan"]
[Black "Shaposhnikov, Evgeny"]
[Result "1/2-1/2"]
[WhiteTitle "GM"]
[BlackTitle "GM"]
[WhiteElo "2570"]
[BlackElo "2557"]
[WhiteTeam "Mumbai Movers"]
[BlackTeam "Gorky Stormbringers"]
[WhiteFideId "5045207"]
[BlackFideId "4122232"]
[EventDate "2017.01.11"]

1. d4 Nf6 2. c4 e6 3. Nf3 b6 4. a3 Ba6 5. Qb3 Nc6 6. Qc2 Bd6 7. b4 Bb7 8. e4 O-O
9. Bd3 Bxb4+ 10. axb4 Nxb4 11. Qd2 Nxd3+ 12. Qxd3 Nxe4 13. O-O d6 14. Nc3 Nxc3
15. Qxc3 Qd7 16. Rd1 f6 17. Qd3 Qf7 18. Nd2 Qg6 19. Qxg6 hxg6 20. f3 Kf7 21. Kf2
a5 22. Ba3 Bc6 23. Rdc1 Ra7 24. Rab1 Rb8 25. Rc3 g5 26. Nf1 e5 27. Rd3 Raa8 28.
Ne3 e4 29. Rc3 exf3 30. d5 Bd7 31. Kxf3 Re8 32. Rd1 Kg6 33. Bc1 f5 34. Nc2 Re4
35. Rd4 Rae8 36. Rxe4 Rxe4 37. g3 Ba4 38. Ne3 g4+ 39. Kf2 Bd7 40. Ng2 Kf7 41.
Bg5 Re8 42. Re3 a4 43. Ne1 Rxe3 44. Kxe3 a3 45. Nc2 a2 46. Bd8 c6 47. Bxb6 cxd5
48. cxd5 Ba4 49. Na1 Bd1 50. Kd4 g5 51. Bd8 Kg6 52. Be7 f4 53. Bxd6 f3 54. Ke3
Kf5 55. Bc5 Ke5 56. d6 Ke6 57. Kd2 Ba4 58. Ke3 Bd1 59. Ba3 Ba4 60. Kd2 Bb5 61.
Ke1 Ba4 62. Kf2 Bd1 63. Bc5 Ba4 64. Ke1 Kd5 65. Ba3 Ke6 66. Kd2 Bb5 67. Ke3 Ba4
68. Kf2 Bd1 69. Bc1 Kxd6 70. Bxg5 Kd5 71. Ke3 Ba4 72. Bf6 Ke6 73. Bb2 Kf5 74.
Bd4 Bd1 75. Bh8 Ba4 76. Bb2 Bd1 77. Bh8 Ba4 78. Bb2 Bd1 1/2-1/2

[Event "PRO League Group Stage"]
[Site "chess.com INT"]
[Date "2017.02.22"]
[Round "7"]
[White "Warmerdam, Max"]
[Black "Arkell, Keith C"]
[Result "0-1"]
[WhiteTitle "FM"]
[BlackTitle "GM"]
[WhiteElo "2350"]
[BlackElo "2438"]
[WhiteTeam "Apeldoorn Apes"]
[BlackTeam "London Towers"]
[WhiteFideId "1048104"]
[BlackFideId "400270"]
[EventDate "2017.01.11"]

1. e4 c6 2. d4 d5 3. e5 c5 4. dxc5 Nc6 5. Nf3 Bg4 6. c3 Bxf3 7. Qxf3 Nxe5 8.
Bb5+ Nc6 9. O-O e6 10. Be3 Nf6 11. c4 a6 12. Ba4 Qc7 13. Bd4 dxc4 14. Bxf6 gxf6
15. Nd2 Bg7 16. Nxc4 O-O 17. Bxc6 Qxc6 18. Qxc6 bxc6 19. Na5 Rfc8 20. Rfd1 Rab8
21. Rab1 Rb4 22. Rd6 Ra4 23. b4 Rxa2 24. Rxc6 Rd8 25. Rxa6 Rb2 26. Re1 Bf8 27.
Nc6 Rdd2 28. Rf1 Kg7 29. g3 e5 30. Ra8 h5 31. Kg2 e4 32. Re8 f5 33. h4 Rd7 34.
Ne5 Rc7 35. c6 Rxb4 36. Rc1 Bd6 37. Nd7 Rb2 38. Rb8 Rxc6 39. Rxc6 Bxb8 40. Nxb8
Rxb8 41. Rc5 Kg6 42. Rc6+ f6 43. Rc3 Rb2 44. Kf1 f4 45. gxf4 Kf5 46. Rc5+ Kg4
47. Kg2 f5 48. Rc3 Kxf4 49. Rg3 Ra2 50. Kg1 Ra1+ 51. Kg2 Rd1 52. Rg5 Rd2 53. Rg3
Ke5 54. Rg5 e3 55. Kf3 e2 0-1

[Event "PRO League Group Stage"]
[Site "chess.com INT"]
[Date "2017.02.22"]
[Round "7"]
[White "Zhou, Yang-Fan"]
[Black "Kollars, Dmitrij"]
[Result "1/2-1/2"]
[WhiteTitle "IM"]
[BlackTitle "IM"]
[WhiteElo "2462"]
[BlackElo "2500"]
[WhiteTeam "London Lions"]
[BlackTeam "Hamburg Swashbucklers"]
[WhiteFideId "468584"]
[BlackFideId "12909572"]
[EventDate "2017.01.11"]

1. e4 e5 2. Nf3 Nc6 3. Bc4 Nf6 4. d3 Be7 5. O-O O-O 6. Re1 d6 7. a4 Be6 8. a5 b6
9. Bd2 Nd4 10. Nxd4 exd4 11. c3 d5 12. exd5 Nxd5 13. cxd4 Bf6 14. Bc3 c6 15. Nd2
b5 16. Bxd5 Qxd5 17. Nf3 Bg4 18. Re4 Bh5 19. Rc1 Rfe8 20. Qe1 Re6 21. Rxe6 fxe6
22. Ne5 Rd8 23. Bb4 Be8 24. Bc5 a6 25. f4 Bg6 26. Qe3 Bxe5 27. fxe5 Qb3 28. Qf3
Qxb2 29. Rf1 h6 30. Qxc6 Kh7 31. h3 Bxd3 32. Rf7 Bf5 33. Rxg7+ Kxg7 34. Qc7+ Kg6
35. Qxd8 Qc1+ 36. Kh2 Qf4+ 37. Kg1 Qe3+ 38. Kh2 Qf4+ 39. Kg1 Qe3+ 40. Kh2 Qf4+
41. Kg1 1/2-1/2

[Event "PRO League Group Stage"]
[Site "chess.com INT"]
[Date "2017.02.22"]
[Round "7"]
[White "Kambrath, Yannick"]
[Black "De Vreesse Pieters, Seppe"]
[Result "0-1"]
[WhiteTitle "FM"]
[WhiteElo "2358"]
[BlackElo "2229"]
[WhiteTeam "Rio Grande Ospreys"]
[BlackTeam "Webster Windmills"]
[WhiteFideId "20632525"]
[BlackFideId "254169"]
[EventDate "2017.01.11"]

1. d4 d6 2. Nf3 Bg4 3. e3 e6 4. Be2 Nf6 5. c4 Be7 6. Nc3 O-O 7. h3 Bh5 8. O-O
Nbd7 9. e4 e5 10. d5 a5 11. Ne1 Bg6 12. Bf3 Nc5 13. Qe2 Nfd7 14. Nd3 Nxd3 15.
Qxd3 Nc5 16. Qc2 f5 17. Be3 fxe4 18. Bxe4 Nxe4 19. Nxe4 b6 20. b3 Qd7 21. f3 Kh8
22. a3 Bf5 23. b4 Qe8 24. c5 Qg6 25. g4 bxc5 26. bxc5 h5 27. c6 Bc8 28. Kg2 Bh4
29. Bf2 Bg5 30. Ra2 Bf4 31. Ng3 Qxc2 32. Rxc2 hxg4 33. hxg4 Rb8 34. Ne4 Rb3 35.
Rc3 Rb2 36. Rh1+ Kg8 37. Rd1 Ba6 38. Kg1 Be2 39. Re1 a4 40. Kg2 Rfb8 41. Kg1 Ba6
42. Bg3 Bd2 43. Nxd2 Rxd2 44. Re4 Rb1+ 45. Re1 Rb3 46. Rxb3 axb3 47. Rb1 b2 48.
Bh4 Bd3 49. Re1 b1=Q 50. Rxb1 Bxb1 51. Bd8 Rxd5 52. Bxc7 Rc5 53. Bxd6 Rxc6 54.
Bxe5 Ra6 55. Bb2 Rb6 0-1

[Event "PRO League Group Stage"]
[Site "chess.com INT"]
[Date "2017.02.22"]
[Round "7"]
[White "Makoto, Rodwell"]
[Black "Balabaev, Timur"]
[Result "1/2-1/2"]
[WhiteTitle "IM"]
[BlackTitle "IM"]
[WhiteElo "2403"]
[BlackElo "2393"]
[WhiteTeam "Johannesburg Koeksisters"]
[BlackTeam "Shymkent Nomads"]
[WhiteFideId "11000120"]
[BlackFideId "13700847"]
[EventDate "2017.01.11"]

1. Nf3 Nf6 2. c4 g6 3. g3 Bg7 4. Bg2 O-O 5. O-O d6 6. d4 Nbd7 7. Nc3 e5 8. e4 c6
9. Re1 exd4 10. Nxd4 Ng4 11. h3 Qb6 12. Nce2 Nge5 13. b3 Nc5 14. Rf1 a5 15. Be3
Re8 16. Qc2 a4 17. Rab1 axb3 18. axb3 Qa6 19. f4 Ned7 20. Bf2 Nf6 21. Nc3 Ne6
22. Nf3 Nc5 23. Rfe1 Nh5 24. Nd2 Qa3 25. Ne2 Qa2 26. Rec1 Qxc2 27. Rxc2 Nd3 28.
Be3 Nb4 29. Rcc1 f5 30. Bf2 Nd3 31. Rd1 Nxf2 32. Kxf2 Ra2 33. Nf1 fxe4 34. Rxd6
e3+ 35. Ke1 Bf8 36. Rd4 Bf5 37. Rc1 Ba3 38. g4 Bxc1 39. gxf5 Bd2+ 40. Nxd2 exd2+
41. Rxd2 Rxd2 42. Kxd2 Rxe2+ 43. Kxe2 Nxf4+ 44. Kf2 Nxg2 45. fxg6 Nf4 46. gxh7+
Kxh7 47. Ke3 Ne6 48. b4 Kg6 49. Ke4 Kf6 50. b5 Ke7 51. bxc6 bxc6 52. h4 Kd6 53.
h5 Nf8 54. Kf5 Kc5 55. Kf6 Kxc4 56. Kg7 Ne6+ 57. Kf6 Nf8 58. Kg7 Ne6+ 59. Kf6
Nf8 60. Kg7 Ne6+ 1/2-1/2